000 00455nam a2200157Ia 4500
008 210716s2008 xx 000 0 und d
020 _a9780189545063
041 _aeng
082 _a612.8 VIJJ
100 _aVijg, Jan.
245 _aAging of the genome: the dual role of dna in life and death.
_bDual role of dna in life and death.
250 _a1
260 _aNew York
_bOxford University Press
_c2008
300 _ax,372
650 _aBioinformatics
999 _c190196
_d190196